000 00542nam a22001817a 4500
005 20251108172955.0
008 250721s2003 xx 000 0 ara d
082 1 4 _a615.1/ دنش
100 1 _aالدنشاري، عزالدين
245 1 0 _aالدواء : الأخطار و المحاذير /
264 1 _aالقاهرة :
_bدار الهلال،
_c2003.
300 _a174ص
490 0 _aكتاب الهلال الطبي
_v39
650 1 7 _aالأدوية
650 1 7 _aعلم العقاقير
942 _2ddc
_cBK
999 _c93119
_d93119